Now that I believe. (Record no. 16116)

000 -LEADER
fixed length control field 00566nam a2200181 a 4500
001 - CONTROL NUMBER
control field :::00018782$&:&@@
003 - CONTROL NUMBER IDENTIFIER
control field OkBaRHE
005 - DATE AND TIME OF LATEST TRANSACTION
control field 20010214113753.0
008 - FIXED-LENGTH DATA ELEMENTS--GENERAL INFORMATION
fixed length control field s1949 j 000 0 eng u
040 ## - CATALOGING SOURCE
Transcribing agency
100 1# - MAIN ENTRY--PERSONAL NAME
Personal name Cook, Robert A.
245 10 - TITLE STATEMENT
Title Now that I believe.
260 ## - PUBLICATION, DISTRIBUTION, ETC. (IMPRINT)
Place of publication, distribution, etc Chicago
Name of publisher, distributor, etc Moody Press
Date of publication, distribution, etc 1949
300 ## - PHYSICAL DESCRIPTION
Extent 127 p.
942 ## - ADDED ENTRY ELEMENTS (KOHA)
Source of classification or shelving scheme
Koha item type Books
Copies
Lost status Koha item type Full call number Date acquired Permanent Location Price effective from Barcode Not for loan Source of classification or shelving scheme Damaged status Copy number Withdrawn status Shelving location Date last seen
 BooksBV 4501 .C62010-04-14RHEMA Bible Training College2010-04-1418782   1 General Stacks2010-04-14
 BooksBV 4501 .C62010-04-14RHEMA Bible Training College2010-04-1418868   2 General Stacks2010-04-14